Vista normal Vista MARC

Entrada Materia (reunión)

Número de registros utilizados en: 1

001 - CONTROL NUMBER

  • control field: 164694

003 - CONTROL NUMBER IDENTIFIER

  • control field: Co-BoUCM

005 - DATE AND TIME OF LATEST TRANSACTION

  • control field: 20211111075725.0

008 - FIXED-LENGTH DATA ELEMENTS

  • fixed length control field: 211111|| aca||aabn | a|a d

040 ## - CATALOGING SOURCE

  • Original cataloging agency: Co-BoUCM
  • Transcribing agency: Co-BoUCM

111 ## - HEADING--MEETING NAME

  • Meeting name or jurisdiction name as entry element: Foro permanente Hábitat y el derecho a la vivienda digna
  • Location of meeting: editories Arturo Moncaleano Archila y Jairo Armando Morales Cruz

670 ## - SOURCE DATA FOUND

  • Source citation: Work cat.: (Co-BoUCM)58559: Foro permanente Hábitat y el derecho a la vivienda digna [memorias] editories Arturo Moncaleano Archila y Jairo Armando Morales Cruz, Vivienda de interés social problemática y prospectiva, 2007